[Event "36 Open Internacional Ciudad de San Seba"]
[Site "Donostia-San Sebastian"]
[Date "2013.03.23"]
[Round "1"]
[White "Vazquez Igarza, Renier"]
[Black "Arabiotorre Arbulu, Aitor"]
[Result "1-0"]
[WhiteElo "2557"]
[BlackElo "1896"]
[PlyCount "83"]
[EventDate "2013.03.23"]
[EventRounds "9"]
[EventCountry "ESP"]

1. d4 Nf6 2. Nf3 g6 3. c4 Bg7 4. Nc3 O-O 5. e4 d6 6. Be2 Bg4 7. Be3 Bxf3 8.
Bxf3 e5 9. d5 Nbd7 10. g4 Nc5 11. b4 Na6 12. a3 c5 13. Rb1 Nd7 14. h4 h6 15.
Be2 b6 16. Nb5 Ndb8 17. Qd2 Kh7 18. f4 Nc7 19. f5 Nxb5 20. cxb5 Rh8 21. g5 h5
22. bxc5 bxc5 23. f6 Bf8 24. a4 Qb6 25. a5 Qb7 26. O-O Nd7 27. Bc4 Qc8 28. Qg2
Qc7 29. Bd2 Rb8 30. Qh3 Rb7 31. Kg2 Qd8 32. Rb3 Rb8 33. Rfb1 Kg8 34. b6 axb6
35. Bb5 Rb7 36. Bxd7 Rxd7 37. Rxb6 Qe8 38. Rb8 Rd8 39. Rxd8 Qxd8 40. Rb7 Rh7
41. Qd7 Qa8 42. Qc6 1-0

[Event "36 Open Internacional Ciudad de San Seba"]
[Site "Donostia-San Sebastian"]
[Date "2013.03.23"]
[Round "1"]
[White "Khrisanfova, Alena"]
[Black "Alonso Rosell, Alvar"]
[Result "0-1"]
[WhiteElo "1890"]
[BlackElo "2552"]
[PlyCount "68"]
[EventDate "2013.03.23"]
[EventRounds "9"]
[EventCountry "ESP"]

1. c4 Nf6 2. g3 c5 3. Bg2 d5 4. cxd5 Nxd5 5. Nc3 Nc7 6. Nf3 Nc6 7. O-O g6 8. d3
Bg7 9. Rb1 O-O 10. Ne4 b6 11. Bg5 h6 12. Bd2 Nd5 13. a3 a5 14. a4 e5 15. Nc3
Nde7 16. Qc1 Kh7 17. Nb5 Be6 18. b3 f5 19. Bc3 Nd5 20. Ba1 Rc8 21. Nd2 Nd4 22.
Nxd4 exd4 23. Nc4 f4 24. Qd2 h5 25. Bb2 Bh6 26. Bc1 Nc3 27. Rb2 Bg4 28. Bf3 Bh3
29. Re1 g5 30. Be4+ Kg8 31. Ne5 Qf6 32. Nf3 g4 33. Nh4 fxg3 34. Qxh6 gxf2+ 0-1

[Event "36 Open Internacional Ciudad de San Seba"]
[Site "Donostia-San Sebastian"]
[Date "2013.03.23"]
[Round "1"]
[White "Narciso Dublan, Marc"]
[Black "Martin-Consuegra Barrilero, Ja"]
[Result "1-0"]
[WhiteElo "2551"]
[BlackElo "1886"]
[PlyCount "59"]
[EventDate "2013.03.23"]
[EventRounds "9"]
[EventCountry "ESP"]

1. d4 d6 2. g3 c6 3. Bg2 Nf6 4. e4 Nbd7 5. Ne2 e5 6. O-O Be7 7. a4 a5 8. Nbc3
O-O 9. h3 exd4 10. Qxd4 Nc5 11. Be3 Qc7 12. Rad1 Nfd7 13. f4 Re8 14. g4 Bf8 15.
Ng3 Nb6 16. b3 Bd7 17. Qd2 Rad8 18. Qf2 Nc8 19. g5 Na6 20. Kh1 Nb4 21. Rd2 Be7
22. Nh5 d5 23. Bd4 Bf8 24. exd5 cxd5 25. f5 Bc6 26. Nd1 Rd7 27. Ne3 b5 28. Ng4
Red8 29. Nhf6+ Kh8 30. Qh4 {Kg8} 1-0

[Event "36 Open Internacional Ciudad de San Seba"]
[Site "Donostia-San Sebastian"]
[Date "2013.03.23"]
[Round "1"]
[White "Sierra Carranza, Sergio"]
[Black "Andres Gonzalez, Alberto"]
[Result "0-1"]
[WhiteElo "1881"]
[BlackElo "2542"]
[PlyCount "50"]
[EventDate "2013.03.23"]
[EventRounds "9"]
[EventCountry "ESP"]

1. d4 Nf6 2. c4 e6 3. Nc3 Bb4 4. Qc2 O-O 5. a3 Bxc3+ 6. Qxc3 b6 7. Bg5 Bb7 8.
Rc1 h6 9. Bh4 d6 10. f3 Nbd7 11. Bf2 c5 12. e4 Qe7 13. Bd3 Rac8 14. Ne2 cxd4
15. Bxd4 e5 16. Bf2 d5 17. exd5 Nxd5 18. Qd2 N5f6 19. Qb4 Nc5 20. Bxc5 bxc5 21.
Qb3 e4 22. fxe4 Nxe4 23. Bxe4 Qxe4 24. Rg1 Rfe8 25. Rc2 Rcd8 0-1

[Event "36 Open Internacional Ciudad de San Seba"]
[Site "Donostia-San Sebastian"]
[Date "2013.03.23"]
[Round "1"]
[White "Arana Garate, Jon"]
[Black "Alsina Leal, Daniel"]
[Result "0-1"]
[WhiteElo "1857"]
[BlackElo "2518"]
[PlyCount "60"]
[EventDate "2013.03.23"]
[EventRounds "9"]
[EventCountry "ESP"]

1. d4 Nf6 2. Nf3 g6 3. Bf4 Bg7 4. e3 O-O 5. h3 d6 6. Be2 Nbd7 7. O-O b6 8. a4
a6 9. Nbd2 Bb7 10. b4 Nd5 11. Rb1 Nc3 12. Qe1 Nxb1 13. Qxb1 e5 14. dxe5 dxe5
15. Bg3 Qe7 16. Bc4 a5 17. bxa5 Rxa5 18. Bb3 Ba6 19. Rd1 Nc5 20. Bh4 Bf6 21.
Bxf6 Qxf6 22. Qa1 Rd8 23. Rc1 Kg7 24. Qc3 Be2 25. Re1 Bxf3 26. Nxf3 e4 27. Nd4
Nxb3 28. Qxb3 Rda8 29. Nb5 Qe5 30. Qc3 Rxb5 0-1

[Event "36 Open Internacional Ciudad de San Seba"]
[Site "Donostia-San Sebastian"]
[Date "2013.03.23"]
[Round "1"]
[White "Vocaturo, Daniele"]
[Black "Izagirre Alsua, Aritz"]
[Result "1-0"]
[WhiteElo "2511"]
[BlackElo "1850"]
[PlyCount "45"]
[EventDate "2013.03.23"]
[EventRounds "9"]
[EventCountry "ESP"]

1. e4 c5 2. Nc3 d6 3. f4 g6 4. d4 Qa5 5. dxc5 Qxc5 6. Nd5 Be6 7. b4 Qc8 8. Bb2
f6 9. Nf3 Bg7 10. Bd3 Nh6 11. O-O Qd8 12. f5 Bf7 13. Ng5 Nc6 14. b5 Ne5 15.
Bxe5 dxe5 16. Nxf7 Nxf7 17. fxg6 hxg6 18. Qg4 Rh6 19. Qe6 g5 20. Bc4 Nd6 21.
Rad1 Qd7 22. b6 axb6 23. Bb5 1-0

[Event "36 Open Internacional Ciudad de San Seba"]
[Site "Donostia-San Sebastian"]
[Date "2013.03.23"]
[Round "1"]
[White "Fuente San Sebastian, Ernesto"]
[Black "Moreno Ruiz, Javier"]
[Result "0-1"]
[WhiteElo "1838"]
[BlackElo "2495"]
[PlyCount "62"]
[EventDate "2013.03.23"]
[EventRounds "9"]
[EventCountry "ESP"]

1. c4 e5 2. Nc3 Nc6 3. g3 f5 4. Bg2 Nf6 5. d3 Bb4 6. a3 Bxc3+ 7. bxc3 d6 8. Nf3
O-O 9. O-O Qe8 10. Rb1 b6 11. Ne1 Bb7 12. Qa4 Na5 13. Qxe8 Raxe8 14. Bg5 Nd7
15. Bd5+ Bxd5 16. cxd5 f4 17. gxf4 h6 18. fxe5 hxg5 19. e6 Nc5 20. Rb4 c6 21.
c4 b5 22. e4 bxc4 23. dxc4 Nxe4 24. Nd3 Rf3 25. Rd1 cxd5 26. Ne1 Rxf2 27. cxd5
Re2 28. Nf3 Re3 29. Nd4 Nc3 30. Rf1 Re5 31. Rf5 Ne2+ 0-1

[Event "36 Open Internacional Ciudad de San Seba"]
[Site "Donostia-San Sebastian"]
[Date "2013.03.23"]
[Round "1"]
[White "Gonzalez Perez, Arian"]
[Black "Gagarin, Vasily"]
[Result "1-0"]
[WhiteElo "2454"]
[BlackElo "1838"]
[PlyCount "81"]
[EventDate "2013.03.23"]
[EventRounds "9"]
[EventCountry "ESP"]

1. d4 Nf6 2. c4 e6 3. Nc3 Bb4 4. e3 b6 5. Nge2 Bb7 6. a3 Be7 7. Nf4 d6 8. d5 e5
9. Nd3 Nbd7 10. e4 O-O 11. b4 a5 12. Rb1 axb4 13. axb4 Re8 14. Be2 h6 15. O-O
Bf8 16. Be3 Ba6 17. Qb3 Kh8 18. Rfc1 Qe7 19. Ra1 Reb8 20. Ra2 Qd8 21. Rca1 Qc8
22. f3 Bb7 23. Nb5 Ne8 24. Na7 Qd8 25. Qc2 Ndf6 26. c5 bxc5 27. bxc5 Ng8 28.
Nb4 Ne7 29. c6 Bc8 30. Na6 Bxa6 31. Bxa6 Nc8 32. Nxc8 Rxc8 33. Bb7 Rab8 34. Ba7
g6 35. Qf2 Ra8 36. Qg3 Be7 37. Be3 Rab8 38. Bxh6 Nf6 39. Qh3 Nh7 40. Bxc8 Rxc8
41. Qxc8 1-0

[Event "36 Open Internacional Ciudad de San Seba"]
[Site "Donostia-San Sebastian"]
[Date "2013.03.23"]
[Round "1"]
[White "Orube Bona, Andoni"]
[Black "Panelo, Marcelo"]
[Result "0-1"]
[WhiteElo "1811"]
[BlackElo "2429"]
[PlyCount "54"]
[EventDate "2013.03.23"]
[EventRounds "9"]
[EventCountry "ESP"]

1. d4 Nf6 2. c4 e6 3. g3 Bb4+ 4. Bd2 Qe7 5. Nf3 Nc6 6. Bg2 Bxd2+ 7. Nbxd2 d6 8.
O-O O-O 9. a3 a5 10. Qc2 e5 11. d5 Nb8 12. e4 a4 13. b4 axb3 14. Nxb3 Bd7 15.
Ne1 Ba4 16. Nd3 Na6 17. Qc3 Nd7 18. Bh3 Bxb3 19. Bxd7 Bxc4 20. Qxc4 Qxd7 21.
Rfb1 b6 22. a4 f5 23. Rb5 f4 24. Ne1 Nc5 25. Ra2 f3 26. Ra3 Qg4 27. Nxf3 Rxf3
0-1

[Event "36 Open Internacional Ciudad de San Seba"]
[Site "Donostia-San Sebastian"]
[Date "2013.03.23"]
[Round "1"]
[White "Argandona Riveiro, Inigo"]
[Black "Saenz Zabala, Juan Ignacio"]
[Result "1-0"]
[WhiteElo "2421"]
[BlackElo "1797"]
[PlyCount "45"]
[EventDate "2013.03.23"]
[EventRounds "9"]
[EventCountry "ESP"]

1. Nf3 f5 2. d3 Nf6 3. e4 fxe4 4. dxe4 d6 5. Bc4 Bg4 6. e5 Bxf3 7. Qxf3 dxe5 8.
Qxb7 Nbd7 9. Qb3 e6 10. Bxe6 Bc5 11. O-O Rb8 12. Qh3 Qe7 13. Nc3 Rb6 14. Bb3
Bd4 15. Bg5 Bxc3 16. Qxc3 Nc5 17. Rae1 e4 18. f3 Nxb3 19. Bxf6 Qc5+ 20. Qxc5
Nxc5 21. Bxg7 Rg8 22. Bd4 Rbg6 23. g3 1-0

[Event "36 Open Internacional Ciudad de San Seba"]
[Site "Donostia-San Sebastian"]
[Date "2013.03.23"]
[Round "1"]
[White "Cantabrana Garona, Alejandro"]
[Black "Pogorelov, Ruslan"]
[Result "0-1"]
[WhiteElo "1793"]
[BlackElo "2403"]
[PlyCount "52"]
[EventDate "2013.03.23"]
[EventRounds "9"]
[EventCountry "ESP"]

1. d4 Nf6 2. Nf3 e6 3. e3 b6 4. c4 Bb7 5. Nbd2 c5 6. Be2 cxd4 7. exd4 Be7 8. b3
O-O 9. O-O d5 10. Bb2 Nc6 11. Rc1 Rc8 12. Re1 Rc7 13. Ne5 dxc4 14. Nxc6 Bxc6
15. bxc4 Bb4 16. Bd3 Ba4 17. Qe2 Re8 18. a3 Bf8 19. Nf3 g6 20. Bb1 Bh6 21. Rc3
Bg7 22. Ba2 Ng4 23. h3 Nh6 24. Rd3 Nf5 25. d5 exd5 26. Qxe8+ Bxe8 0-1

[Event "36 Open Internacional Ciudad de San Seba"]
[Site "Donostia-San Sebastian"]
[Date "2013.03.23"]
[Round "1"]
[White "Guerra Bastida, Diego"]
[Black "Puga Senar, Fernando"]
[Result "1-0"]
[WhiteElo "2401"]
[BlackElo "1793"]
[PlyCount "47"]
[EventDate "2013.03.23"]
[EventRounds "9"]
[EventCountry "ESP"]

1. e4 e6 2. d4 d5 3. Nc3 Nf6 4. e5 Nfd7 5. f4 c5 6. Nf3 Nc6 7. Be3 Qb6 8. Na4
Qa5+ 9. c3 cxd4 10. b4 Qd8 11. Nxd4 Nxd4 12. Bxd4 a6 13. Bd3 b5 14. Nb2 Nb6 15.
O-O Bd7 16. f5 Rc8 17. a4 Nc4 18. Nxc4 dxc4 19. Be4 Qg5 20. axb5 axb5 21. fxe6
Bxe6 22. Qf3 Be7 23. Bc6+ Kf8 24. Bd7 1-0

[Event "36 Open Internacional Ciudad de San Seba"]
[Site "Donostia-San Sebastian"]
[Date "2013.03.23"]
[Round "1"]
[White "Velten, Paul"]
[Black "Picazo Gonzalez, Ana"]
[Result "1-0"]
[WhiteElo "2385"]
[BlackElo "1762"]
[PlyCount "67"]
[EventDate "2013.03.23"]
[EventRounds "9"]
[EventCountry "ESP"]

1. d4 e6 2. Nf3 d5 3. g3 c5 4. Bg2 Nc6 5. O-O Nf6 6. c4 Be7 7. cxd5 exd5 8. Nc3
O-O 9. dxc5 Bxc5 10. Bg5 d4 11. Bxf6 Qxf6 12. Ne4 Qe7 13. Nxc5 Qxc5 14. Qd2 Bg4
15. Rac1 Qb6 16. h3 Bh5 17. Nh4 Rfe8 18. Rfe1 Rad8 19. Bxc6 bxc6 20. Ng2 Qb5
21. Nf4 Bg6 22. b4 Qb6 23. Rc5 Rd6 24. Rec1 Red8 25. h4 h6 26. h5 Bh7 27. a4
Qb7 28. b5 cxb5 29. Rc7 Qb8 30. Qa2 R6d7 31. Rxd7 Rxd7 32. axb5 Rb7 33. Qd5
Rxb5 34. Qxb5 1-0

[Event "36 Open Internacional Ciudad de San Seba"]
[Site "Donostia-San Sebastian"]
[Date "2013.03.23"]
[Round "1"]
[White "Pardo Vaquero, Ignacio"]
[Black "Favarel, Antoine"]
[Result "0-1"]
[WhiteElo "1759"]
[BlackElo "2350"]
[PlyCount "82"]
[EventDate "2013.03.23"]
[EventRounds "9"]
[EventCountry "ESP"]

1. d4 Nf6 2. Bf4 d5 3. Nf3 c5 4. e3 Nc6 5. c3 Qb6 6. Qc1 g6 7. Bd3 Bg7 8. Nbd2
Nd7 9. O-O O-O 10. a4 h6 11. h3 e5 12. dxe5 Ndxe5 13. Bc2 Nxf3+ 14. Nxf3 Re8
15. Rb1 Be6 16. Bh2 Rac8 17. Qd2 Red8 18. Qe2 a6 19. Bd3 Rd7 20. Rfc1 Rdd8 21.
Qe1 Re8 22. Qd2 Qa5 23. b3 b5 24. axb5 axb5 25. c4 dxc4 26. bxc4 b4 27. Qc2 Qb6
28. Be4 Na5 29. Bd3 b3 30. Be5 bxc2 31. Rxb6 Bxc4 32. Bxg7 Bxd3 33. Bxh6 Rb8
34. Rxb8 Rxb8 35. Nd2 c4 36. Bf4 Rb5 37. e4 Nb3 38. Nxb3 cxb3 39. Ra1 b2 40.
Ra8+ Kh7 41. Rb8 b1=Q+ 0-1

[Event "36 Open Internacional Ciudad de San Seba"]
[Site "Donostia-San Sebastian"]
[Date "2013.03.23"]
[Round "1"]
[White "Andres Gonzalez, Ivan"]
[Black "Rodsmoen, Maud"]
[Result "1-0"]
[WhiteElo "2331"]
[BlackElo "1750"]
[PlyCount "63"]
[EventDate "2013.03.23"]
[EventRounds "9"]
[EventCountry "ESP"]

1. e4 c5 2. Nc3 e6 3. Nf3 d5 4. exd5 exd5 5. d4 c4 6. Qe2+ Be7 7. h3 Nf6 8. g4
h6 9. Bg2 Nc6 10. O-O a6 11. Be3 b5 12. Ne5 Bb7 13. f4 Qb6 14. Rad1 Rd8 15. g5
Ne4 16. Nxe4 dxe4 17. Bxe4 hxg5 18. Qf3 Nxe5 19. fxe5 Qe6 20. Bxb7 Rxh3 21.
Qc6+ Qd7 22. Qxd7+ Rxd7 23. Bc6 Rxe3 24. Bxd7+ Kxd7 25. Rxf7 g4 26. Rxg7 g3 27.
Kg2 Re2+ 28. Kxg3 Rxc2 29. d5 Ke8 30. d6 Bf8 31. Rg8 Rxb2 32. e6 1-0

[Event "36 Open Internacional Ciudad de San Seba"]
[Site "Donostia-San Sebastian"]
[Date "2013.03.23"]
[Round "1"]
[White "Hernandez, Elvis"]
[Black "Velte, Daniela"]
[Result "1-0"]
[WhiteElo "2288"]
[BlackElo "1725"]
[PlyCount "59"]
[EventDate "2013.03.23"]
[EventRounds "9"]
[EventCountry "ESP"]

1. e4 d6 2. d4 Nf6 3. Nc3 g6 4. f4 Bg7 5. Nf3 O-O 6. Bd3 c5 7. dxc5 dxc5 8. e5
Nd5 9. Nxd5 Qxd5 10. Qe2 Bg4 11. Be4 Qd7 12. Be3 Na6 13. h3 Bf5 14. Rd1 Qa4 15.
Bxf5 gxf5 16. a3 Rad8 17. Rxd8 Rxd8 18. Kf2 Bh6 19. g4 Bxf4 20. gxf5 Kh8 21. c4
Bxe3+ 22. Kxe3 Qb3+ 23. Kf2 Rd3 24. Rg1 h6 25. Ng5 Qxc4 26. Rg4 Qd5 27. Nxf7+
Kh7 28. f6 exf6 29. exf6 Qf5+ 30. Kg1 1-0

[Event "36 Open Internacional Ciudad de San Seba"]
[Site "Donostia-San Sebastian"]
[Date "2013.03.23"]
[Round "1"]
[White "Mendia Rezola, Jokin"]
[Black "Aranaz Murillo, Amalia"]
[Result "0-1"]
[WhiteElo "1708"]
[BlackElo "2275"]
[PlyCount "73"]
[EventDate "2013.03.23"]
[EventRounds "9"]
[EventCountry "ESP"]

1. e4 c6 2. Nf3 d5 3. exd5 cxd5 4. Ne5 Nc6 5. d4 Nf6 6. Bb5 Qb6 7. c4 dxc4 8.
Nc3 e6 9. Be3 Bb4 10. Qa4 O-O 11. Nxc4 Qc7 12. Bxc6 Bxc3+ 13. bxc3 bxc6 14. Ne5
c5 15. Qc4 Bb7 16. O-O Nd5 17. Bc1 cxd4 18. Qxc7 Nxc7 19. cxd4 Rfd8 20. Bb2
Rab8 21. Rac1 Nb5 22. Rfd1 f6 23. Ng4 Bd5 24. a3 Nd6 25. Bc3 Rb3 26. Bb4 Nc4
27. Ra1 a5 28. Be1 a4 29. Bb4 Rb8 30. h3 Nb2 31. Rd2 Nc4 32. Rdd1 h5 33. Nh2
Nb2 34. Rf1 Nd3 35. Bd6 R8b6 36. Bc5 Rc6 37. Be7 0-1

[Event "36 Open Internacional Ciudad de San Seba"]
[Site "Donostia-San Sebastian"]
[Date "2013.03.23"]
[Round "1"]
[White "Bas Mas, Jose Joaquin"]
[Black "Buiza Prieto, Eihartze"]
[Result "1-0"]
[WhiteElo "2258"]
[BlackElo "1690"]
[PlyCount "107"]
[EventDate "2013.03.23"]
[EventRounds "9"]
[EventCountry "ESP"]

1. e4 c5 2. Nf3 d6 3. d4 cxd4 4. Nxd4 Nf6 5. Nc3 g6 6. Bg5 Bg7 7. Bb5+ Bd7 8.
Qe2 a6 9. Bxd7+ Nbxd7 10. O-O-O Qa5 11. f4 O-O 12. Nb3 Qc7 13. Rhe1 Nc5 14.
Bxf6 Nxb3+ 15. axb3 Bxf6 16. Nd5 Qc6 17. g4 Rfe8 18. g5 Bg7 19. e5 dxe5 20.
fxe5 Rac8 21. e6 fxe6 22. Qxe6+ Qxe6 23. Rxe6 Kf7 24. Rb6 Rb8 25. c4 Be5 26.
Rf1+ Kg7 27. h4 Bg3 28. Rh1 Bd6 29. b4 Bg3 30. Rh3 Bf2 31. Re6 Rbc8 32. b3 Kf7
33. Re2 Bd4 34. Rf3+ Kg7 35. Rxe7+ Rxe7 36. Nxe7 Re8 37. Rd3 Rxe7 38. Rxd4 Kf7
39. Kd2 Ke6 40. Re4+ Kd7 41. Rxe7+ Kxe7 42. Kd3 Ke6 43. Ke4 Kd6 44. Kd4 b6 45.
c5+ Kc6 46. Kc4 bxc5 47. bxc5 a5 48. b4 axb4 49. Kxb4 Kc7 50. Kb5 Kb7 51. c6+
Kc7 52. Kc5 Kc8 53. Kd6 Kd8 54. c7+ 1-0

[Event "36 Open Internacional Ciudad de San Seba"]
[Site "Donostia-San Sebastian"]
[Date "2013.03.23"]
[Round "1"]
[White "Sanchez Merino, Christian"]
[Black "Rebole Arbea, Jose Ignacio"]
[Result "0-1"]
[WhiteElo "1687"]
[BlackElo "2183"]
[PlyCount "96"]
[EventDate "2013.03.23"]
[EventRounds "9"]
[EventCountry "ESP"]

1. e4 c5 2. f4 Nc6 3. c3 d5 4. e5 d4 5. Nf3 a6 6. d3 Nh6 7. Na3 g6 8. Be2 Bg7
9. O-O O-O 10. Nc4 b5 11. Ncd2 Qb6 12. Ne4 Bf5 13. Nfg5 f6 14. g4 Bxe4 15. Nxe4
fxe5 16. f5 dxc3 17. bxc3 c4+ 18. Kh1 gxf5 19. g5 Ng4 20. Rxf5 Ne3 21. Rxf8+
Rxf8 22. Qg1 Nd5 23. dxc4 bxc4 24. Bxc4 Qa5 25. Qg4 Kh8 26. Qe6 Nb6 27. Qxc6
Rc8 28. Qe6 Rxc4 29. Qxe7 Rc8 30. Qe6 Qa4 31. Nf2 Qc4 32. Qxc4 Nxc4 33. Rb1 Kg8
34. Kg2 Nd6 35. Rb6 Nb5 36. Rxa6 Rxc3 37. Ra5 Nd6 38. Bb2 Re3 39. Ra6 Nc4 40.
Ba1 Re2 41. Kf1 Rc2 42. Ra8+ Kf7 43. Rd8 Rc1+ 44. Kg2 Rxa1 45. h4 Rxa2 46. Rd7+
Kg8 47. h5 e4 48. Kg3 Be5+ 0-1

[Event "36 Open Internacional Ciudad de San Seba"]
[Site "Donostia-San Sebastian"]
[Date "2013.03.23"]
[Round "1"]
[White "Prieto Martin, Alfonso"]
[Black "Armendariz Olalla, Sebastian"]
[Result "1-0"]
[WhiteElo "2181"]
[BlackElo "1673"]
[PlyCount "55"]
[EventDate "2013.03.23"]
[EventRounds "9"]
[EventCountry "ESP"]

1. c4 e5 2. Nc3 g6 3. Nf3 Bg7 4. e3 Ne7 5. Be2 O-O 6. O-O c5 7. d4 d6 8. b3
Nbc6 9. dxe5 dxe5 10. Bb2 f6 11. Nd2 Qa5 12. Nd5 Qd8 13. Ne4 b6 14. Bf3 Rb8 15.
Ndxf6+ Bxf6 16. Nxf6+ Kg7 17. Nd5 Bb7 18. Be4 Qe8 19. f4 Kg8 20. fxe5 Nxd5 21.
Qxd5+ Rf7 22. Rxf7 Qxf7 23. Qd6 Rd8 24. Bd5 Qxd5 25. cxd5 Rxd6 26. exd6 Nd8 27.
Bf6 Nf7 28. d7 1-0

[Event "36 Open Internacional Ciudad de San Seba"]
[Site "Donostia-San Sebastian"]
[Date "2013.03.23"]
[Round "1"]
[White "Crossland, Thomas Russell"]
[Black "Osmolny, Vladimir I"]
[Result "0-1"]
[WhiteElo "1663"]
[BlackElo "2180"]
[PlyCount "92"]
[EventDate "2013.03.23"]
[EventRounds "9"]
[EventCountry "ESP"]

1. e4 c5 2. c3 g6 3. d4 cxd4 4. cxd4 d5 5. e5 Nc6 6. Nf3 Bg4 7. Be2 Qb6 8. Nc3
Bxf3 9. Bxf3 e6 10. Qa4 Qxd4 11. Bf4 Qxa4 12. Nxa4 Bb4+ 13. Kf1 Nge7 14. a3 Ba5
15. Nc5 O-O-O 16. Bg5 Rhe8 17. Bf6 Bc7 18. Nd3 Kb8 19. g3 Rc8 20. Kg2 Bd8 21.
g4 Nd4 22. Bd1 Nec6 23. Bg7 Na5 24. h4 Nab3 25. Rb1 a5 26. h5 g5 27. h6 Rc4 28.
Kg3 Be7 29. Rh5 Ka7 30. Bf6 Nd2 31. Bxe7 Nxb1 32. Bxg5 b6 33. Be3 Rg8 34. Kh3
a4 35. Nb4 Nc6 36. Be2 Nxb4 37. Bxc4 dxc4 38. axb4 c3 39. bxc3 Rc8 40. Rg5 a3
41. Rg7 a2 42. Rxf7+ Kb8 43. Re7 a1=Q 44. Rxe6 Nxc3 45. Rxb6+ Kc7 46. Rf6 Qh1+
0-1

[Event "36 Open Internacional Ciudad de San Seba"]
[Site "Donostia-San Sebastian"]
[Date "2013.03.23"]
[Round "1"]
[White "Silva Rodriguez, Fernando"]
[Black "Abalia Patino, Aritz"]
[Result "1-0"]
[WhiteElo "2175"]
[BlackElo "1658"]
[PlyCount "59"]
[EventDate "2013.03.23"]
[EventRounds "9"]
[EventCountry "ESP"]

1. d4 Nf6 2. c4 g6 3. Nc3 Bg7 4. e4 d6 5. h3 Nbd7 6. Nf3 O-O 7. Bg5 c6 8. Be2
e5 9. d5 Qc7 10. Nd2 a5 11. a3 Nc5 12. b3 Ne8 13. O-O f5 14. Rb1 Nf6 15. f3 Nh5
16. b4 Na6 17. Be3 axb4 18. axb4 Qe7 19. b5 cxb5 20. cxb5 Qc7 21. Nc4 Nb8 22.
b6 Qe7 23. Nb5 Rd8 24. Ncxd6 Bd7 25. Nc7 Ra2 26. Nxb7 Ba4 27. Qe1 f4 28. Bf2
Rc8 29. Bc4 Qf6 30. Bxa2 1-0

[Event "36 Open Internacional Ciudad de San Seba"]
[Site "Donostia-San Sebastian"]
[Date "2013.03.23"]
[Round "1"]
[White "Yaniz Lana, Francisco Javier"]
[Black "Aranaz Portugues, Jose Carlos"]
[Result "0-1"]
[WhiteElo "1653"]
[BlackElo "2164"]
[PlyCount "98"]
[EventDate "2013.03.23"]
[EventRounds "9"]
[EventCountry "ESP"]

1. d4 e6 2. Nf3 d5 3. g3 Bd6 4. Bg2 f5 5. O-O Nf6 6. c4 c6 7. b3 Qe7 8. a4 O-O
9. Ba3 Nbd7 10. Bxd6 Qxd6 11. c5 Qe7 12. a5 e5 13. dxe5 Ng4 14. b4 Ngxe5 15.
Qd4 f4 16. Nxe5 Nxe5 17. gxf4 Ng6 18. e3 Nh4 19. Nd2 Qe6 20. Kh1 Nxg2 21. Rg1
Qf6 22. Qxf6 Rxf6 23. Rxg2 Bf5 24. f3 Re8 25. Re1 Bd3 26. Rgg1 Rfe6 27. e4 dxe4
28. fxe4 Rxe4 29. Nf3 Bc4 30. Kg2 Bd5 31. Rxe4 Rxe4 32. Kg3 Re3 33. Rf1 Kf7 34.
h4 h5 35. f5 Kf6 36. Kf4 Rxf3+ 37. Rxf3 Bxf3 38. Kxf3 Kxf5 39. Kg3 Ke4 40. b5
a6 41. bxc6 bxc6 42. Kf2 Kd4 43. Kf3 Kxc5 44. Kf4 Kd5 45. Ke3 c5 46. Kd3 c4+
47. Kc3 Kc5 48. Kc2 Kb4 49. Kb2 Kxa5 0-1

[Event "36 Open Internacional Ciudad de San Seba"]
[Site "Donostia-San Sebastian"]
[Date "2013.03.23"]
[Round "1"]
[White "Guijarro Galan, Jose Luis"]
[Black "Bannazar Martinez, Fernando"]
[Result "1-0"]
[WhiteElo "2154"]
[BlackElo "1641"]
[PlyCount "37"]
[EventDate "2013.03.23"]
[EventRounds "9"]
[EventCountry "ESP"]

1. e4 c6 2. d4 d5 3. e5 Bf5 4. Nf3 e6 5. Be2 Nd7 6. O-O c5 7. c3 c4 8. Nbd2 b5
9. Re1 Nb6 10. Nf1 a5 11. Ng3 Bg6 12. h3 Be7 13. Nh2 Bh4 14. Nh5 Bxh5 15. Bxh5
Bg5 16. Qg4 h6 17. Qxe6+ Qe7 18. Qxb6 Qd7 19. e6 1-0

[Event "36 Open Internacional Ciudad de San Seba"]
[Site "Donostia-San Sebastian"]
[Date "2013.03.23"]
[Round "1"]
[White "Feijoo Rubio, Jose Jorge"]
[Black "Pastor Pons, Pedro Maria"]
[Result "0-1"]
[WhiteElo "1639"]
[BlackElo "2141"]
[PlyCount "90"]
[EventDate "2013.03.23"]
[EventRounds "9"]
[EventCountry "ESP"]

1. d4 g6 2. e4 Bg7 3. c4 d6 4. Nc3 Nf6 5. Nf3 O-O 6. Be2 c6 7. O-O Qc7 8. Bf4
Nh5 9. Be3 e5 10. d5 c5 11. Nd2 Nf4 12. Bf3 Qe7 13. Ne2 g5 14. g3 Ng6 15. Nc3
Na6 16. a3 Bh3 17. Re1 Bd7 18. Bg4 Nb8 19. Bxd7 Nxd7 20. Qg4 h6 21. Qf5 Nf6 22.
f3 Qd8 23. Rab1 Ne7 24. Qh3 Nd7 25. Ne2 f5 26. f4 g4 27. Qh4 Qe8 28. fxe5 Nxe5
29. Bxh6 Bf6 30. Bg5 N7g6 31. Qh6 Bg7 32. Qh5 fxe4 33. Nf4 Nxf4 34. Qxe8 Nh3+
35. Kg2 Raxe8 36. Be3 Nf3 37. Re2 Nhg5 38. Bf4 Nxd2 39. Rxd2 Nf3 40. Re2 Rf6
41. b4 b6 42. bxc5 bxc5 43. Rb7 Bh6 44. Be3 Nd4 45. Re1 Nc2 0-1

[Event "36 Open Internacional Ciudad de San Seba"]
[Site "Donostia-San Sebastian"]
[Date "2013.03.23"]
[Round "1"]
[White "Silva Rodriguez, Julio"]
[Black "Martikorena Endara, Patxi"]
[Result "1/2-1/2"]
[WhiteElo "2141"]
[BlackElo "1635"]
[PlyCount "70"]
[EventDate "2013.03.23"]
[EventRounds "9"]
[EventCountry "ESP"]

1. e4 c5 2. Nf3 d6 3. d4 cxd4 4. Nxd4 Nf6 5. Nc3 a6 6. Bc4 e6 7. Bb3 Be7 8. O-O
O-O 9. Be3 b5 10. f3 Bb7 11. a4 b4 12. Na2 d5 13. e5 Nfd7 14. f4 Nc6 15. Qd2
Qc7 16. Rf2 Nc5 17. Rf3 Ne4 18. Qe1 Nxd4 19. Bxd4 Bc5 20. Bxc5 Qxc5+ 21. Kh1 a5
22. c3 bxc3 23. Nxc3 Nxc3 24. Rxc3 Qb4 25. Qh4 f5 26. Rac1 Kh8 27. h3 d4 28.
Rg3 Bxg2+ 29. Rxg2 Qxb3 30. Rc7 Rg8 31. Kh2 Rad8 32. Rgxg7 Qxb2+ 33. Kh1 Qb1+
34. Kh2 Qb2+ 35. Kh1 Qb1+ 1/2-1/2

[Event "36 Open Internacional Ciudad de San Seba"]
[Site "Donostia-San Sebastian"]
[Date "2013.03.23"]
[Round "1"]
[White "Holgado Otero, Oscar"]
[Black "Troffiguer, Olivier"]
[Result "0-1"]
[WhiteElo "1632"]
[BlackElo "2119"]
[PlyCount "48"]
[EventDate "2013.03.23"]
[EventRounds "9"]
[EventCountry "ESP"]

1. e4 c5 2. Nf3 Nc6 3. d4 cxd4 4. Nxd4 Nf6 5. Nc3 d6 6. Be3 Ng4 7. Qd2 a6 8.
Be2 Nxe3 9. Qxe3 g6 10. Nf3 Bg7 11. O-O O-O 12. Rad1 Qa5 13. Bc4 Bg4 14. Rd5
Qc7 15. Rg5 Bxf3 16. Qxf3 Ne5 17. Rxe5 Bxe5 18. Qd3 Bxc3 19. Qxc3 Rac8 20. Bb3
Qxc3 21. bxc3 Rxc3 22. Rd1 b5 23. a4 Rfc8 24. Rd2 Rxb3 0-1